LDR 01002nam a2200265 i 4500 001 000000367463 003 CaOOAMICUS 005 20260427135347.0 008 260427s2008 it u000 u mul u 020 $a978-88-06-17701-0 040 $aSeMil$bita 245 00$aBeowulf /$ca cura di Ludovica Koch. 264 1$aTorino :$bGiulio Einaudi,$c1987. 300 $aLIII, 281 p. ;$c20 cm. 490 1 $aET Classici ;$v91 546 $aTesto anglosassone a fronte 700 1 $aKoch, Ludovica,$d<1941-1993>.$0(OLS)http://semarc/name/21826 830 0$aET Classici ;$v91.$0(OLS)http://semarc/title/459401 850 $aSeMil 852 $aSeMil$W1$xVenegono$y1$m1W II 548$j271040$B258159$CSeMilBibl$Z2$F258159 $81 961 $aCaspani Maurizio - Lascito 996 $6020$a978-88-06-17701-0$9(OLS)http://semarc/number/305754 996 $6245$aBeowulf$9(OLS)http://semarc/title/64735 996 $6264$aTorino :$bGiulio Einaudi$9(OLS)http://semarc/publisher/29810